| 000 | 00784nam a2200217 i 4500 | ||
|---|---|---|---|
| 001 | 183195 | ||
| 003 | ES-MaACL | ||
| 005 | 20251120165643.0 | ||
| 008 | 140129s2000 mx |||| | spa d | ||
| 020 | _a968-16-6003-4 | ||
| 100 | 1 |
_aStarobinski, Jean. _9107937 |
|
| 245 | 1 | 0 |
_aMontesquieu / _cpor Jean Starobinski. |
| 250 | _a[2ª ed. en español]. | ||
| 260 |
_aMéxico : _bFondo de Cultura Económica, _c2000. |
||
| 300 |
_a291 p. [32] p. de il. ; _c17 cm. |
||
| 490 | 1 |
_aBreviarios del Fondo de Cultura Económica ; _v479 |
|
| 600 | 1 | 4 |
_aMontesquieu, Charles-Louis de Secondat, _cbaron de, _d1689-1755 _982608 |
| 830 | 0 |
_aBreviarios del Fondo de Cultura Económica ; _v479 _9179682 |
|
| 852 |
_aES-MaACL _jL-30011 _z.- Donat. Miguel A. Velasco |
||
| 999 |
_c183195 _d183195 |
||